000 00742nam a2200229Ia 4500
001 2981
003 GE_BSU
008 181216s||||||||xx |||||||||||||| ||und||
020 _a5870571154
040 _cGE_BSU
080 _a339.9(075.8)
245 _aМеждународные экономические отношения
245 _bУчебник
245 _cПод общ. ред. В.Е.Рыбалкина. - 2-е изд., перераб. и доп.
260 _aМосква
260 _bЗАО «БИЗНЕС-ШКОЛА «ИНТЕЛ-СИНТЕЗ»
260 _c1998
300 _a368 с. 20 см.
541 _h10 л.
653 _aМеждународные экономические отношения
942 _cBK
999 _c37027
_d37027